000 01307pam a2200337 a 4500
001 1124626
003 SISC
005 20160316134813.0
008 940506s1995 enk b 001 0 eng
010 _a 94020375
_z 2006275648
020 _a9780521452823
020 _a0521452821
020 _a9780521024099 (pbk.)
020 _a0521024099 (pbk.)
040 _aDLC
_cDLC
_dDLC
050 0 0 _aP 291
_b.G667 2006
100 1 _aGorrell, Paul.
_930558
245 1 0 _aSyntax and parsing /
_cPaul Gorrell.
260 _aCambridge [England] ;
_aNew York, NY, USA :
_bCambridge University Press,
_c2006.
300 _a180 p. :
_c24 cm.
440 0 _aCambridge studies in linguistics ;
_v76
_930559
650 0 _aGrammar, Comparative and general
_xSyntax.
_930560
650 0 _aGrammar, Comparative and general
_xParsing.
_930561
650 0 _aGovernment-binding theory (Linguistics)
_930562
856 4 1 _3Table of contents
_uhttp://www.loc.gov/catdir/toc/cam023/94020375.html
856 4 2 _3Publisher description
_uhttp://www.loc.gov/catdir/description/cam026/94020375.html
906 _a7
_bcbc
_corignew
_d1
_eocip
_f19
_gy-gencatlg
942 _2lcc
_cBK
999 _c42319
_d42319